000
00268nam a22001097a 4500
082
_a
621.37 STU'E
100
_a
STUBBINGS, G. W
_9
40570
245
_a
ELECTRICAL TESTING FOR PRACTICAL ENGINEERS
260
_a
LONDON
_b
E & F. N SPON
_c
1939
300
_a
266P
942
_c
BK
999
_c
577329
_d
577329